LIBRARY & INFORMATION CENTRE, KCAET, TAVANUR

ONLINE PUBLIC ACCESS CATALOGUE (OPAC)

Methods of research / (Record no. 5406)

MARC details
000 -LEADER
fixed length control field 00401cam a2200157ua 4500
041 ## - LANGUAGE CODE
Language code of text/sound track or separate title eng
082 ## - DEWEY DECIMAL CLASSIFICATION NUMBER
Classification number 001.42
Item number GOO/ME
100 ## - MAIN ENTRY--AUTHOR NAME
Personal name Good, Caster V .
245 ## - TITLE STATEMENT
Title Methods of research /
260 ## - PUBLICATION, DISTRIBUTION, ETC. (IMPRINT)
Place of publication New York :
Name of publisher Appleton-century-croffs ,
Year of publication 1954.
300 ## - PHYSICAL DESCRIPTION
Number of Pages 920 ; .
700 1# - ADDED ENTRY--PERSONAL NAME
Personal name Scater, Douglas E .
942 ## - ADDED ENTRY ELEMENTS (KOHA)
Koha item type Books
Holdings
Withdrawn status Lost status Damaged status Home library Current library Date acquired Full call number Accession Number Koha item type
      KAUAET KAUAET 07/04/2012 001.42 625 Books
free website counter